01145nam a2200217 a 4500008004100000050001800041100002000059245003100079246002600110260003200136300002300168350000900191700002500200995009500225995009300320995009500413999001700508952013400525952013400659952013400793120416s1975 ||||||||||||||||| || u aHF 5548.2 Bra aBrandon, Dick H10aData Processing management amethods and standards aNew YorkbMacmillanc[1975] aviii, 520p. : ill. a0.00 aO'Reilly, A. Michael D0.00FCBU-MAIN LIBRARY (Kitwe)H3I0.00M1UAVAILABLEZMain Library Open Access Collection D0.00FCBU-MAIN LIBRARY (Kitwe)H1I0.00M3UDAMAGEDZMain Library Open Access Collection D0.00FCBU-MAIN LIBRARY (Kitwe)H2I0.00M2UAVAILABLEZMain Library Open Access Collection c62686d62686 00102lcc4070a001b001cMain Library Open Access Collectiond2022-12-15l0oHF 5548.2 Brap005210r2022-12-15w2022-12-15y002 00102lcc4070a001b001cMain Library Open Access Collectiond2022-12-15l0oHF 5548.2 Brap005212r2022-12-15w2022-12-15y002 00102lcc4070a001b001cMain Library Open Access Collectiond2022-12-15l0oHF 5548.2 Brap005211r2022-12-15w2022-12-15y002